El problema de la especificidad histórica /
Gorde:
| Egile nagusia: | |
|---|---|
| Formatua: | Texto |
| Gaiak: | |
| Etiketak: |
Etiketa erantsi
Etiketarik gabe, Izan zaitez lehena erregistro honi etiketa jartzen!
|
MARC
| LEADER | 00000 a a2200000 04500 | ||
|---|---|---|---|
| 001 | 8880 | ||
| 003 | |||
| 040 | |||
| 100 | |a M. Hodgson, Geoffrey | ||
| 245 | |a El problema de la especificidad histórica / |c Geoffrey M. Hodgson | ||
| 650 | |a HISTORIA | ||
| 650 | |a ECONOMIA | ||
| 650 | |a CIENCIA | ||
| 650 | |a TEORIA | ||
| 773 | |g volumen 62, número 245; páginas 33-69 | ||
| 999 | |c 24898 |d 24898 | ||
